Scandinavia revenues (1st ed 1983) (Record no. 2801)

000 -LEADER
fixed length control field 00439nam a22001097a 4500
008 - FIXED-LENGTH DATA ELEMENTS--GENERAL INFORMATION
fixed length control field 180716b ||||| |||| 00| 0 eng d
100 ## - MAIN ENTRY--AUTHOR'S NAME
Author's Name Hall, Andrew
245 ## - TITLE STATEMENT
Title Scandinavia revenues (1st ed 1983)
260 ## - PUBLICATION, DISTRIBUTION, ETC. (IMPRINT)
Place of publication, distribution, etc. York, England
Name of publisher, distributor, etc. J. Barefoot
Date of publication, distribution, etc. 1983
650 ## - TOPICAL TERM (Tag)
Topical term or geographic name Scandinavia | Revenues | Denmark | Finland | Norway | Iceland | Sweden | Danish West Indies | Faroe Islands | Catalogs and Price Lists | Cinderella Material
700 ## - SECONDARY AUTHOR, EDITOR OR ILLUSTRATOR
Personal Name Barefoot, John
Holdings
Withdrawn status Lost status Source of classification or shelving scheme Damaged status Koha normalized classification for sorting Not for loan Permanent Location Current Location Shelving location Date acquired Total Checkouts Full call number Barcode Date last seen Copy number Price effective from
        G6911 R451 B248   Northern Philatelic Library Northern Philatelic Library General Stacks 07/16/2018   G6911 R451 B248 1005185 07/16/2018 1 07/16/2018

Powered by Koha